000 00546nam a2200217Ia 4500
003 OSt
005 20230519151449.0
008 210423s2000 xx 000 0 und d
020 _a978-1-56670-513-4
040 _cAL
041 _aeng
082 _a628.53
_223
_bLIUA
100 _aLIU (David H F);LIPTAK (Bela G) Ed
_9109781
245 _aAir pollution
260 _aNew York
_bLewis Publishers
_c2000
300 _avii,242
_bHB
365 _b8551
_cGBP
650 _aEngineering
_9109782
906 _aAir ; pollution
942 _2ddc
_cBK
999 _c166878
_d166878